Państwa Europy według izb parlamentów - Statystyki

Ogólne statystyki
  • Ten quiz został rozwiązany 39 razy
  • Średni wynik to 8 z 16
Statystyki odpowiedzi
Izba parlamentu Państwo % Poprawnych
Riksdag (parlament jednoizbowy) Szwecja
76%
Riigikogu (parlament jednoizbowy) Estonia
73%
Rada Kantonów (izba wyższa) Szwajcaria
73%
Tweede Kamer (izba niższa) Holandia
70%
Storting (parlament jednoizbowy) Norwegia
57%
Rada Federacji (izba wyższa) Rosja
57%
Dáil Éireann (izba niższa) Irlandia
54%
Landtag (parlament jednoizbowy) Liechtenstein
54%
Eduskunta (parlament jednoizbowy) Finlandia
51%
Althing (parlament jednoizbowy) Islandia
43%
Saeima (parlament jednoizbowy) Łotwa
43%
Kongres Deputowanych (izba niższa) Hiszpania
35%
Rada Państwa (izba wyższa) Słowenia
24%
Izba Reprezentantów (izba niższa) Belgia | Białoruś
19%
Vouli ton Ellion (izba niższa) Grecja
19%
Izba Narodów (izba wyższa) Bośnia i Hercegowina
16%
Nie znaleziono quizów pasujących do podanych kryteriów
Rozkład punktacji
Procent ludzi z każdym wynikiem
Percentyl według liczby udzielonych odpowiedzi
Twoja historia wyników
Nie rozwiązałeś tego quizu